000
00252nam a2200097Ia 4500
005
20251222114352.0
008
251222s1900||||xx |||||||||||||| ||spa||
082
_a
DVD192.2/U61/2006
245
0
_a
Espectros de Derrida: Seminario internacional:
942
_c
DVD
999
_c
1284
_d
1284